Statistiken für Harry Potter nach Bildern #1

Klicken Sie hier um das Quiz zu spielen!

Allgemein

  • Dieses Quiz wurde 1.577 mal gespielt
  • Das Durchschnittsergebnis liegt bei 10 aus 16

Antwortstatistiken

Antwort% Korrekt
Phönix/ Fawkes
95%
Hagrids Hütte
86%
Elderstab
79%
Drache/ Ungarischer Hornschwanz
77%
Gleis 9 3/4
74%
Narzissa Malfoy
74%
Hippogreif/ Seidenschnabel
69%
Acromantula/ Aragog
64%
Seamus Finnigan
64%
Heulende Hütte
61%
Slytherins Medaillon
47%
Pansy Parkinson
43%
Spiegel Nerhegeb
39%
Trimagischer Pokal
38%
Hufflepuff-Gemeinschaftsraum
36%
Stan Shunpike
32%

Verteilung der Resultate

Perzentil nach korrekt beantworteten Fragen

Anzahl Personen mit jedem Resultat

Ihre Resultats-Entwicklung

Sie haben dieses Quiz noch nicht gespielt